000 00807nam a2200205Ia 4500
003 IN-BaIIA
008 211028s9999 xx 000 0 eng d
020 _a0-7354-0014-8
040 _cIIA Library
080 _a523(082.2)
_bAST
111 _aConference on Astrophysical Sources for Ground Based Gravitational Wave Detectors
_cPhiladelphia
_d2000
_925758
245 0 _aAstrophysical sources for ground based gravitational wave detectors
_bproceedings of conference held in Philadelphia, 30 October-1 November 2000
_cedited by J. M. Centrella
260 _aNew York
_bAmerican Institute of Physics
_c2001
490 _aAIP conference proceedings; v. 575
650 _aAstrophysics
_9794
650 _aGravitation
650 _aWave detector
_925759
700 _aCentrella, J. M., ed.
_925760
942 _cBK
999 _c14505
_d14505